000 00550nam a2200145Ia 4500
008 151213s9999 xx 000 0 und d
100 _aপবেগম রাজিয়া হোসাইন।
245 _aপাতার শব্দে শব্দে।
_cপবেগম রাজিয়া হোসাইন।
260 _aঢাকা
_bশিল্পতরু।
_c1998
300 _a8714 p.
650 _aBangla
650 _aকবিতা
700 _aপবেগম রাজিয়া হোসাইন।
999 _c4500
_d4500